000 00458nam a2200181Ia 4500
003 GCL
008 140319s9999 xx 000 0 eng d
040 _aGCL /
_cGCL
082 0 4 _a743.49
_bH F
100 1 _aHOTTON, RICHARD G.
245 1 0 _aFIGURE DRAWING AND COMPOSITION /
_cHOTTON, RICHARD G.
260 _a[S.N] :
_bCHAPMAN & HALL ،
_c1898
300 _a313 P
650 0 4 _aDRAWING
650 0 4 _aARTS
650 0 4 _aFIGURE DRAWING
942 _2ddc
_cBK
999 _c19501
_d19501